000 00730nam a2200253Ia 4500
003 OSt
005 20220918202508.0
006 a|||||r|||| 00| 0
007 ta
008 220917b |||||||| |||| 00| 0 eng d
024 _a101,701
037 _cTextual
040 _aARTS
_cARTS
_beng
041 _2eng
_aeng
082 _aV236.N5<-N1, M5
100 _aNurahmad Syed
_9104057
245 0 _aFrom martial law to martial law
_b politics in the Punjab 1919-1958 ed by Craig
260 _aBaxter
_bBoulder Westview Press
_c1985
300 _axiv,455p.
_ccm.
490 _aWestview replica edition
650 _aHISTORY
942 _hV236.N5<-N1, M5
_cTEXL
_2CC
999 _c225161
_d225161